Statystyki dla 15 krajów o największej liczbie zgonów Covid19 - 22 grudnia 2021

Kliknij tutaj aby rozwiązać quiz!

Ogólne statystyki

  • Ten quiz został rozwiązany 22 razy
  • Średni wynik to 10 z 27

Statystyki odpowiedzi

kraj% Poprawnych
Stany Zjednoczone
90%
Niemcy
86%
Francja
81%
Rosja
81%
Włochy
67%
Brazylia
57%
Wielka Brytania
57%
Indie
52%
Argentyna
43%
Meksyk
43%
Czechy
29%
Iran
29%
Litwa
29%
Słowacja
29%
Ukraina
29%
Węgry
29%
Chorwacja
24%
Indonezja
24%
Kolumbia
24%
Bułgaria
19%
Słowenia
19%
Bośnia i Hercegowina
14%
Macedonia Północna
14%
Peru
14%
Rumunia
14%
Armenia
5%
Gruzja
5%

Rozkład punktacji

Percentyl według liczby udzielonych odpowiedzi

Procent ludzi z każdym wynikiem

Twoja historia wyników

Nie rozwiązałeś tego quizu